000 00771nam a22002177a 4500
005 20240626101817.0
008 240626b ||||| |||| 00| 0 eng d
020 _a9781137604453
020 _a9781137604460
040 _aCO-BoUCM
_cDavid Moreno
_dDavid Moreno
041 _aeng
100 1 _aJørgensen, Knud Erik.
_9181577
245 1 0 _aInternational relations theory
_ba new introduction
_cKnud Erik Jørgensen
250 _aSecond edition
260 _aNew York
_bPalgrave Macmillan
_c2010
300 _axvii, 317 Paginas
_bilustraciones
504 _aIncluye referencias bibliográficas e índices
650 1 4 _aRelaciones internacionales
_xFilosofía
_983256
942 _2DEWEY
_a6
_cLIBRO
_e2
_h327.101
_mJ99i
_n0
999 _c324416
_d324416